000
00524nam a2200181Ia 4500
008
090123s9999 xx 000 0 und d
082
_b
8011
100
_a
बंधु माधव
245
_a
पेटलेले आकाश
250
_a
1
260
_b
प्रिया प्रकाशन
300
_a
191
600
_a
बंधु माधव
630
_a
पेटलेले आकाश
700
_a
बंधु माधव
730
_a
पेटलेले आकाश
942
_c
BOOK
999
_c
46077
_d
46077